000 00360nam a22001457a 4500
008 250707b |||||||| |||| 00| 0 eng d
020 _a007047835X
050 _aHF5548.2
_b.O75
100 _aORILLA, Lawrence S.
245 _aIntroduction to Business Data
250 _a2nd
260 _aNew York
_bMcGraw-Hill
_c1982
300 _axxxviii,683p.
942 _cBK
999 _c4156
_d4156